000 00635nam a2200253Ia 4500
003 OSt
005 20221006160848.0
006 a|||||r|||| 00| 0
007 ta
008 221006b |||||||| |||| 00| 0 eng d
020 _a9780674013582
024 _a46,640
037 _cTextual
040 _aEASL
_cEASL
_beng
041 _2eng
_aeng
082 _aY73.42, P1;1
100 _aLIE John
_942701
245 0 _aMultiethnic Japan.
260 _aLondon
_bHarvard University Press
_c2001
300 _a248p.
_ccm.
490 _v JEL
942 _hY73.42, P1;1
_cTEXL
_2CC
999 _c1114730
_d1114730